000 00985nam a2200241 a 4500
003 AM-YeHGA
005 20250617155856.0
008 180709s1945 ru |||||r|||||001|0|rus||
040 _aAM-YeHGA
041 0 _arus
100 1 _aСемернин, Петр Васильевич
245 1 0 _a1905 год на Дону /
_cП. В. Семернин ; Партархив Ростовского обкома ВКП(б).
250 _a2-е изд.
260 _aРостов н/Дону :
_bРостовское обл. кн-во,
_c1945.
300 _a165 с. ;
_c17 см.
504 _aБиблиогр.: "Указатель лит-ры и источников", стр. 151-53
650 1 4 _aИстория СССР
651 4 _aВольск, г.
_xИстория
653 0 _aКоммунистическое строительство - Вольск, г.
710 2 _aРостовский обком ВКП(б)
_bПартархив
942 _2udc
_cBK
090 _c443713
999 _c440936
_d440936